000 00462nam a2200181Ia 4500
005 20250603145616.0
008 250603s9999 xx 000 0 und d
020 _a9788131315941
050 _aBF 176 .V93/
100 _aVyas, Kirit B.
245 0 _aPsychological testing : history, principles, and applications
260 _aNew Delhi
260 _bAPH Publishing Coropration
260 _c2018
300 _a269 p
650 _aNew Delhi
942 _cBK
999 _c42337
_d42337